00963nam a22002177a 4500003000200000005001700002008004100019050002400060100003500084245016900119260007300288300002800361504005200389650003000441650003100471650003300502650005700535942001200592999001900604952012200623020250109100953.0250109b xxu||||| |||| 00| 0 eng d aRC 451.4b.D44 2024 aDe Guzman, Shazafras Jeremy D. aCompassionate fatigue and vicarious trauma as correlates psychological resilience of embalmers morticians in the death care industrycShazafras Jeremy D. De Guzman aLas Piñas CitybSouthville International School and Collegesc2023 axv, 406 pages ;c29cm.  aIncludes bibliographical references and index.  aPsychological resilience. aMorticians – Psychology. aEmbalmers – Mental health. aDeath care industry – Employees – Mental health. 2lcccTH c366948d366948 00102lcc40aCLbCLcTHESESd2025-01-09eDONATIONl0oRC 451.4 .D44 2024pT1236r2025-01-09 00:00:00w2025-01-09yTH